00481nam a22001577a 450000500170000000800410001702000150005804100130007308200150008610000240010124500740012525000190019926000470021830000330026565000250029820231128100732.0231128b |||||||| |||| 00| 0 eng d a0702145335 aEnglish  a340.1 BOT  aBotha, C lEnglish  aStatutory Interpretation : bAn Introduction for students /cC Botha  aThird Edition  aCape Town : bJuta and Company Ltd, c1998 bxxiii, 185 pages ; c22 cm.  aLegal practice bLaw